000
00326nam a2200109Ia 4500
008
171204s9999 xx 000 0 und d
245
_a
Learning Responsive Web Design: A Beginner's Guide:
245
_c
Clarissa Peterson
260
_c
2014
650
_x
Web Design
856
_u
http://down.ebook777.com/010/144936294XDesign.pdf
999
_c
345986
_d
345986